Rozdáva ľuďom lásku, krásu, poéziu Na návšteve v ateliéri zasl. umelkyne Márie Želibskej-Vanči

Bibliographic Details
Main Authors: Budská, Viera, 1946-2019 (Author, Interviewer), Želibská, Mária, 1913-1992 (Author)
Format: Article
Language:Slovak
PhysicalDescription:Obr. 2.
Subjects:

MARC

LEADER 00000nab a2200000 a 4500
001 vtls000315363
003 SK-MaSNL
005 20260303184225.0
008 040806c1978 xo 0 slo
015 |a SNBRB19rr/mm-uuuuu 
035 |a CL0005455 
040 |a SNKBUCL  |b slo  |c SNKBUCL  |e AACR2 
041 0 |a slo 
044 |a xo  |c SK 
080 |a 76  |2 1981 
080 |a 92 Želibská, Mária  |2 1981 
100 1 |a Budská, Viera,  |d 1946-2019  |4 aut  |4 ivr  |9 56597 
245 1 0 |a Rozdáva ľuďom lásku, krásu, poéziu  |b Na návšteve v ateliéri zasl. umelkyne Márie Želibskej-Vanči  |c Mária Želibská-Vanči, Viera Budská ; Mária Želibská 
300 |b Obr. 2. 
600 1 7 |a Želibská, Mária,  |d 1913-1992  |2 snkbucl  |9 106472 
655 7 |a rozhovory  |2 snkbucl  |9 31831 
700 1 |a Želibská, Mária,  |d 1913-1992  |4 aut  |4 ive  |9 106472 
773 0 |t Sloboda  |g Roč. 33, č. 11 (10. 3. 1978), s. 4 
850 |a Slovenská národná knižnica v Martine  |a MTA001 
852 |a SNK  |b KIS3GCP 
958 |a BX 
999 |c 2125773  |d 2127703